Rock Songs A-Z - Statistics

General Stats
  • This quiz has been taken 497 times
    223 since last reset
  • The average score is 15 of 26
Answer Stats
Letter Hint Answer % Correct
B Queen’s operatic masterpiece, featured in the movie "Wayne's World." Bohemian Rhapsody
91%
E Metallica's biggest hit about nightmares & things that go bump in the night. Enter Sandman
87%
H 1977 single by The Eagles; their most well known song. Hotel California
87%
J Elvis Presley’s 1957 rock ’n’ roll hit set behind bars. Jailhouse Rock
78%
I John Lennon's most well known song outside of the Beatles. Imagine
73%
Z Protest song by The Cranberries, written about the Troubles. Zombie
70%
R Elton John ballad about an astronaut bound for Mars. Rocket Man (I Think It's Going to Be a Long, Long Time)
69%
S 1971 Led Zeppelin epic that was surprisingly never released as a single. Stairway to Heaven
69%
L Bon Jovi hit about struggling working class couple Tommy and Gina. Living on a Prayer
68%
N 1991 Guns N’ Roses epic featuring one of rock’s most iconic music videos. November Rain
66%
U 1992 ballad that propelled the Red Hot Chili Peppers into the mainstream. Under the Bridge
66%
A Motorhead song about gambling. Ace of Spades
65%
K Western themed song written by Bob Dylan; famously covered by G'N'R. Knockin' On Heaven's Door
62%
M Dire Straits song about blue-collar guys griping about MTV rock stars. Money For Nothing
62%
F 1969 anti-Vietnam war anthem by Creedence Clearwater Revival. Fortunate Son
61%
O Either a Metalica epic about a wounded WW1 soldier, or a U2 ballad about German reunification. One
61%
P Rolling Stones song about redecorating. Paint It Black
56%
G Sneering Sex Pistols classic whose title comes from the British national anthem. God Save The Queen
53%
D Kiss hit about a fan heading to a Motor City concert. Detroit Rock City
49%
W Billy Idol hit often mistaken for a love song — until you listen to the lyrics. White Wedding
49%
C Pink Floyd song inspired by Roger Waters' experience with tranquilizers. Comfortably Numb
48%
V Jimi Hendrix casts a spell over listeners on this iconic track. Voodoo Child (Slight Return)
43%
T Little Richard song with the lyric "A-wop-bop-a-loo-mop-a-lop-bam-boom!" Tutti Frutti
35%
Y AC/DC anthem about a wild night of debauchery. You Shook Me All Night Long
34%
Q 1970 Moody Blues hit that asks everything but gives few answers. Question
30%
X Blondie’s debut single — its title sounds like a reformed criminal. X Offender
4%
No matching quizzes found
Score Distribution
Percent of People with Each Score
Percentile by Number Answered
Your Score History
You have not taken this quiz since the last reset